মুসলিম মুদ্রা ও হস্তলিখন শিল্প / (Record no. 50045)
[ view plain ]
| 000 -LEADER | |
|---|---|
| fixed length control field | 01203nam a2200277 a 4500 |
| 001 - CONTROL NUMBER | |
| control field | 50045 |
| 003 - CONTROL NUMBER IDENTIFIER | |
| rucl marc code | BD-RjUL |
| 005 - DATE AND TIME OF LATEST TRANSACTION | |
| control field | 20211209075440.0 |
| 008 - FIXED-LENGTH DATA ELEMENTS--GENERAL INFORMATION | |
| fixed length control field | 160823s1989 bg ||||| |||| 00| 0 ben d |
| 020 ## - INTERNATIONAL STANDARD BOOK NUMBER | |
| Terms of availability | : Tk. 110.00 |
| 035 ## - SYSTEM CONTROL NUMBER | |
| System control number | (BD-RjUL)50165 |
| 040 ## - CATALOGING SOURCE | |
| Original cataloging agency | BD-RjUL |
| Language of cataloging | ben |
| Transcribing agency | BD-RjUL |
| Modifying agency | BD-RjUL |
| 041 ## - LANGUAGE CODE | |
| Language code of text/sound track or separate title | ben |
| 082 ## - DEWEY DECIMAL CLASSIFICATION NUMBER | |
| Edition number | 23 |
| Classification number | 737.4954 |
| Author mark and year | ALM 1989 |
| 100 1# - MAIN ENTRY--PERSONAL NAME | |
| Personal name | আলী, এ. কে. এম. ইয়াকুব |
| 9 (RLIN) | 149990 |
| 245 10 - TITLE STATEMENT | |
| Title | মুসলিম মুদ্রা ও হস্তলিখন শিল্প / |
| Statement of responsibility, etc. | এ. কে. এম. ইয়াকুব আলী |
| 260 ## - PUBLICATION, DISTRIBUTION, ETC. (IMPRINT) | |
| Place of publication, distribution, etc. | ঢাকা : |
| Name of publisher, distributor, etc. | বাংলা একাডেমী, |
| Date of publication, distribution, etc. | ১৯৮৯. |
| 300 ## - PHYSICAL DESCRIPTION | |
| Pagination | [১৬], ৪৪৪ পৃ. : |
| Illustrations | চিত্র ; |
| Size | ১৯ সেমি. |
| 650 ## - SUBJECT ADDED ENTRY--TOPICAL TERM | |
| Topical term or geographic name as entry element | ইসলামী মুদ্রা - ভারত |
| 9 (RLIN) | 149991 |
| Topical term or geographic name as entry element | ইসলামী ক্যালিগ্রাফি - ভারত |
| 9 (RLIN) | 149992 |
| Topical term or geographic name as entry element | ইসলামী ক্যালিগ্রাফি |
| 9 (RLIN) | 149993 |
| Source of heading or term | |
| Topical term or geographic name as entry element | Islamic numismatics -- India. |
| 9 (RLIN) | 149994 |
| Topical term or geographic name as entry element | Islamic calligraphy -- India. |
| 9 (RLIN) | 149995 |
| Topical term or geographic name as entry element | Islamic calligraphy |
| 9 (RLIN) | 117827 |
| 942 ## - ADDED ENTRY ELEMENTS (KOHA) | |
| Source of classification or shelving scheme | Dewey Decimal Classification |
| Koha item type | Books |
| Lost status | Source of classification or shelving scheme | Damaged status | Not for loan | Collection code | Permanent Location | Current Location | Shelving location | Date acquired | Source of acquisition | Cost, normal purchase price | Total Checkouts | Full call number | Date last seen | Copy number | Koha item type | Date checked out |
|---|---|---|---|---|---|---|---|---|---|---|---|---|---|---|---|---|
| Dewey Decimal Classification | Non-fiction | Central Library, University of Rajshahi | Central Library, University of Rajshahi | 12/06/1989 | Author | 110.00 | B 737.4954 ALM 1989 | 23/08/2016 | C-2 | Books | ||||||
| Dewey Decimal Classification | Non-fiction | Central Library, University of Rajshahi | Central Library, University of Rajshahi | 12/06/1989 | Author | 110.00 | B 737.4954 ALM 1989 | 23/08/2016 | C-7 | Books | ||||||
| Dewey Decimal Classification | Non-fiction | Central Library, University of Rajshahi | Central Library, University of Rajshahi | 12/06/1989 | Author | 110.00 | B 737.4954 ALM 1989 | 23/08/2016 | C-6 | Books | ||||||
| Dewey Decimal Classification | Non-fiction | Central Library, University of Rajshahi | Central Library, University of Rajshahi | 12/06/1989 | Author | 110.00 | 1 | B 737.4954 ALM 1989 | 11/06/2022 | C-5 | Books | 02/06/2022 | ||||
| Dewey Decimal Classification | Non-fiction | Central Library, University of Rajshahi | Central Library, University of Rajshahi | 12/06/1989 | Author | 110.00 | B 737.4954 ALM 1989 | 23/08/2016 | C-3 | Books | ||||||
| Dewey Decimal Classification | Non-fiction | Central Library, University of Rajshahi | Central Library, University of Rajshahi | 12/06/1989 | Author | 110.00 | B 737.4954 ALM 1989 | 23/08/2016 | C-4 | Books | ||||||
| Dewey Decimal Classification | Non-fiction | Central Library, University of Rajshahi | Central Library, University of Rajshahi | 12/06/1989 | Author | 110.00 | B 737.4954 ALM 1989 | 20/09/2016 | C-8 | Books | ||||||
| Dewey Decimal Classification | Not For Loan | Non-fiction | Central Library, University of Rajshahi | Central Library, University of Rajshahi | Reading Room | 09/12/2021 | Author | 110.00 | B 737.4954 ALM 1989 | 02/05/2017 | C-1 | Books |